000 00423cam a2200181ua 4500
003 OSt
005 20260213114148.0
008 260213b |||||||| |||| 00| 0 eng d
041 _aeng
082 _a028.703
_bGOV/KE
100 _a, .
_97871
245 0 0 _aKerala state: Civil list /
250 _a1 /
260 _aIndia :
_bGovernment of Kerala ,
_c1963.
300 _a878 ; .
500 _a**Reference
942 _cBK
999 _c7806
_d7806